000 00337pam a2200145 a 4500
020 _c
041 _h
082 _a338.88
_bGUP
100 _aGupta, R, C
245 _aInternational Business Management
_hTextual Documents
260 _aNew Delhi
_bAlfa Publication
_c2009
300 _aVI/288
700 _aJain, T, C
930 _a3669
999 _c110500
_d110500